| 000 | 00524nam a2200181 i 4500 | ||
|---|---|---|---|
| 001 | 57759 | ||
| 003 | ES-MaACL | ||
| 005 | 20230906163637.0 | ||
| 007 | t| | ||
| 008 | 031017s1971 sp ||||1| spa d | ||
| 100 | 1 |
_aDubarle, André-Marie. _945742 |
|
| 245 | 1 | 3 |
_aEl pecado original en la escritura / _cA.M. Dubarle ; traducción por Diorki. |
| 260 |
_aMadrid : _bStudium, _c[1971] |
||
| 300 |
_a224 p. ; _c22 cm. |
||
| 650 | 0 | 4 |
_aPecado original. _915902 |
| 710 | 2 |
_aDiorki. _93392 |
|
| 852 |
_aES-MaACL _jC-39116 _bR.79900 |
||
| 999 |
_c57759 _d57759 |
||